| 000 | 00957nam a2200241 a 4500 | ||
|---|---|---|---|
| 005 | 20251203064013.0 | ||
| 008 | 070524s2000 mx r 000 0 spa d | ||
| 020 | _a9706841520 | ||
| 035 | _aUPN01000150401 | ||
| 049 | _aCG | ||
| 050 | 4 |
_aKGF2919 A3 _b1824 C6.5 |
|
| 245 | 0 | 4 |
_aLos congresos federalistas de Durango : _b1824-1935 : colección de leyes y decretos del congreso constituyente... / _cestudio introd. y ed. César Navarro Gallegos. |
| 260 |
_aMéxico : _bInstituto Mora, _b2006. |
||
| 300 | _a428 p. | ||
| 590 | _a(También puedes localizar un ejemplar en el "Area de Reserva") | ||
| 590 | _aBibliografía Básica (BGTQ) | ||
| 610 | 1 | 4 |
_aDURANGO. _bCONGRESO CONSTITUYENTE (1824-1825) _96657 |
| 610 | 1 | 4 |
_aDURANGO. _bCONGRESO CONSTITUYENTE (1826-1827) _96658 |
| 610 | 1 | 4 |
_aDURANGO. _bCONGRESO CONSTITUYENTE (1827-1833) _96656 |
| 651 | 4 |
_aDurango _xHistoria constitucional _96655 |
|
| 700 | 1 |
_aNavarro Gallegos, César, _eed. |
|
| 905 | _aLibro | ||
| 999 |
_c122542 _d122542 |
||